000 00716nam a2200289Ia 4500
005 20260324150334.0
008 008 260324s9999 xx 000 0 eng d
020 _a9781315007786
037 _aEBOOK
040 _aCRL
040 _beng
040 _cCRL
041 _2eng
041 _aeng
084 _qCRL
100 _aGeorge W Goetschius
_91226081
245 0 _aWorking with Community Groups
245 0 _bUsing Community Development as a Method of Social Work ILS 198
260 _bTaylor and Francis
260 _c1969
365 _a
365 _b145
856 _uhttp://www.taylorfrancis.com/books/9781315007786
942 _cEBOOK
999 _c1835359
_d1835359